| 000 | 00747nam a2200253 i 4500 | ||
|---|---|---|---|
| 001 | bg | ||
| 100 | 1 | _aFRENCH, Hilary | |
| 245 | 1 | 0 |
_aArchitektura / _cHilary French ; [z ang. przeł. Magdalena Iwińska i Piotr Paszkiewicz]. |
| 246 |
_iTyt. oryg.: _aArchitecture |
||
| 260 |
_aWarszawa : _b"Muza", _c1999. |
||
| 300 |
_a144 s. : _bil. (w tym kolor.), fot., portr. ; _c19 cm. |
||
| 490 | 1 | _aW Pigułce | |
| 500 | _aTyt. oryg. : "Architecture" 1998. | ||
| 650 | 9 |
_aArchitektura _xhistoria |
|
| 655 | _aWydawnictwa popularne | ||
| 830 | _aW Pigułce | ||
| 020 | _a8372004161 | ||
| 040 | _cBPK | ||
| 041 | 1 |
_apl _hen |
|
| 080 | _a72(091)(02.025.2) | ||
| 920 | _a83-7200-416-1 | ||
| 942 | _cKS | ||
| 008 | s pl f |000 0 pol | ||
| 999 |
_c34423 _d34423 |
||
| 856 |
_uhttp://koha.tu.koszalin.pl/cgi-bin/koha/opac-detail.pl?biblionumber=34423 _yKatalog online BPK |
||